000 00585nam a2200193Ia 4500
005 20250508165112.0
008 008 250505s9999 xx 000 0 eng d
037 _aDissertations
040 _aFEDL
_beng
_cFEDL
041 _aeng
_2eng
084 _a379.11, POO/DI
_qFEDL
100 _aPooja
245 0 _aDescription of household expenditure of pre-service teacher training programme of Delhi University
260 _c2011
300 _a61p.
546 _aM. Ed. Dissertation, (Delhi University)
942 _cDIS
_h379.11, POO/DI
999 _c1393177
_d1393177